00282nam a2200121Ia 4500003000400000005001700004008004100021020001800062040002700080100001800107245001900125260001600144OSt20240320112338.0170523s9999 xx 000 0 und d a9788126524228 cIIMT UNIVERSITY MEERUT aBalanis- C.A. 0aAntenna Theory aWiley India